Star Wars Duels: Count Dooku - Statistics

General Stats
  • This quiz has been taken 45 times
    44 since last reset
  • The average score is 6 of 9
Answer Stats
Answer % Correct
Anakin Skywalker
100%
Obi-Wan Kenobi
100%
Yoda
92%
Asajj Ventress
72%
Savage Opress
67%
Mace Windu
64%
General Grievous
54%
Ahsoka Tano
51%
Yaddle
33%
No matching quizzes found
Score Distribution
Percent of People with Each Score
Percentile by Number Answered
Your Score History
You have not taken this quiz since the last reset